[Event "Scarborough CC ch Reserves U1700"]
[Site "Toronto CAN"]
[Date "2010.04.08"]
[Round "7"]
[White "Vyravanathan, Sobiga"]
[Black "Aghamalian, Derick"]
[Result "1-0"]
[WhiteElo "1201"]
[BlackElo "1353"]
[PlyCount "89"]
[EventDate "2010.02.25"]
[EventType "swiss"]
[EventRounds "9"]
[EventCountry "CAN"]

1. e4 e5 2. Nf3 Nc6 3. Bb5 a6 4. Ba4 Nf6 5. d3 b5 6. Bb3 Be7 7. O-O Bb7 8. Bg5
O-O 9. Re1 d6 10. Nc3 b4 11. Na4 Qd7 12. c3 a5 13. h3 Nh5 14. Bd2 Ba6 15. Be3
Kh8 16. Rc1 f5 17. exf5 Qxf5 18. Bd5 Bb7 19. cxb4 Nxb4 20. Bxb7 Nxd3 21. Bxa8
Nxe1 22. Qxe1 Rxa8 23. Rxc7 Bf6 24. Rb7 Nf4 25. Bxf4 Qxf4 26. Nb6 Re8 27. Nd5
Qc4 28. Nxf6 gxf6 29. Rb3 e4 30. Nd2 Qc2 31. Nf1 d5 32. Qxa5 d4 33. Qb6 Rf8 34.
Qxd4 Qc6 35. Rb6 Qe8 36. Rxf6 Rxf6 37. Qxf6+ Kg8 38. Qg5+ Kh8 39. b4 Qa4 40.
Qe5+ Kg8 41. Qxe4 Qxa2 42. Qe8+ Kg7 43. Qd7+ Kg8 44. b5 Qb3 45. Qc6 1-0

[Event "Scarborough CC ch Reserves U1700"]
[Site "Toronto CAN"]
[Date "2010.04.08"]
[Round "7"]
[White "Walker, John"]
[Black "Sottile, Claudio"]
[Result "1-0"]
[WhiteElo "1503"]
[BlackElo "1324"]
[PlyCount "109"]
[EventDate "2010.02.25"]
[EventType "swiss"]
[EventRounds "9"]
[EventCountry "CAN"]

1. Nf3 Nf6 2. d4 g6 3. Nc3 Bg7 4. e4 d6 5. h3 O-O 6. Be3 c6 7. Qd2 Re8 8. O-O-O
Na6 9. Bc4 d5 10. exd5 cxd5 11. Bb5 Bd7 12. Bxd7 Qxd7 13. Ne5 Qd8 14. g4 e6 15.
h4 Nd7 16. Nxd7 Qxd7 17. h5 Rad8 18. h6 Bh8 19. f4 f5 20. gxf5 exf5 21. Bf2 Re6
22. Rhe1 Rde8 23. Re2 Nb4 24. Rde1 Nc6 25. Rxe6 Rxe6 26. Rxe6 Qxe6 27. Na4 b6
28. Nc3 Kf7 29. Ne2 Qe4 30. c3 Qh1+ 31. Qd1 Qxh6 32. Qa4 Na5 33. Qd7+ Kf8 34.
Qxd5 Qh2 35. Qa8+ Kg7 36. Qf3 h5 37. d5 Nb7 38. Nd4 h4 39. Nb5 h3 40. d6 Nxd6
41. Nxd6 Qg2 42. Qxg2 hxg2 43. Nc8 Kf7 44. Nxa7 Bg7 45. Kd2 Bf8 46. Ke2 Ke6 47.
Bxb6 Bh6 48. Kf3 Kd5 49. Be3 Bg7 50. Kxg2 Ke4 51. Kf2 Kd3 52. Nc6 Kc2 53. Bd4
Bh6 54. Kf3 Kxb2 55. a4 1-0

[Event "Scarborough CC ch Reserves U1700"]
[Site "Toronto CAN"]
[Date "2010.04.08"]
[Round "7"]
[White "Wang, Jason"]
[Black "Roy, Lawrence"]
[Result "1-0"]
[WhiteElo "1161"]
[BlackElo "844"]
[PlyCount "85"]
[EventDate "2010.02.25"]
[EventType "swiss"]
[EventRounds "9"]
[EventCountry "CAN"]

1. e4 e5 2. Nf3 Nf6 3. Nxe5 Nxe4 4. Qe2 d5 5. d3 Bf5 6. dxe4 dxe4 7. Nc3 Bd6 8.
Nf3 O-O 9. Nd4 Bg6 10. g3 Re8 11. Bg2 Bc5 12. Nb3 e3 13. Bxe3 Bxe3 14. fxe3 Nc6
15. Qd3 Qc8 16. O-O-O Qd8 17. Qe2 Qc8 18. Rhf1 Bf5 19. Qb5 Re5 20. Rd5 a6 21.
Qc5 h6 22. Rxe5 Nxe5 23. Qxe5 Be6 24. Qh5 Bc4 25. Rf2 Qd8 26. Rf4 Bxb3 27. axb3
Rc8 28. Qxf7+ Kh8 29. Rg4 Qg8 30. Qd7 Rd8 31. Qxc7 g6 32. Bd5 Rxd5 33. Nxd5 Qg7
34. Qxg7+ Kxg7 35. Rf4 g5 36. Rf6 h5 37. e4 b6 38. e5 Kg8 39. e6 Kh8 40. e7 g4
41. e8=Q+ Kh7 42. Qe7+ Kh8 43. Rf8# 1-0

[Event "Scarborough CC ch Reserves U1700"]
[Site "Toronto CAN"]
[Date "2010.04.08"]
[Round "7"]
[White "Yusuf, Magas"]
[Black "Farhang, Arvin"]
[Result "1-0"]
[WhiteElo "1646"]
[BlackElo "1604"]
[PlyCount "45"]
[EventDate "2010.02.25"]
[EventType "swiss"]
[EventRounds "9"]
[EventCountry "CAN"]

1. d4 d5 2. c4 c6 3. cxd5 cxd5 4. Nc3 Nf6 5. Nf3 Bf5 6. Bf4 Nc6 7. e3 e6 8. Rc1
Bb4 9. Be2 Qa5 10. Qb3 O-O 11. O-O Bxc3 12. Rxc3 Ne4 13. Rcc1 Qb4 14. Qxb4 Nxb4
15. Rc7 Rab8 16. Ne5 f6 17. Nd7 e5 18. Nxb8 Rxb8 19. dxe5 fxe5 20. Bxe5 Nf6 21.
a3 Nc6 22. Rxc6 bxc6 23. Bxb8 1-0

[Event "Scarborough CC ch Reserves U1700"]
[Site "Toronto CAN"]
[Date "2010.04.15"]
[Round "8"]
[White "Aghamalian, Leonid"]
[Black "Zhang, John"]
[Result "0-1"]
[WhiteElo "1607"]
[BlackElo "915"]
[PlyCount "53"]
[EventDate "2010.02.25"]
[EventType "swiss"]
[EventRounds "9"]
[EventCountry "CAN"]

1. d4 Nf6 2. c4 g6 3. Nc3 Bg7 4. Bg5 O-O 5. e4 d6 6. h3 e5 7. d5 Nbd7 8. Nf3
Nc5 9. b4 Na6 10. Rb1 Bd7 11. Bd3 c6 12. Nh2 h6 13. Bh4 Qc7 14. Qf3 g5 15. Bg3
c5 16. a3 cxb4 17. axb4 b5 18. c5 dxc5 19. Nxb5 Bxb5 20. Bxb5 Nxb4 21. Qc3 Nxe4
22. Qc1 Nxg3 23. fxg3 Qa5 24. Qc4 Nxd5+ 25. Kf2 Qd2+ 26. Qe2 Qxe2+ 27. Kxe2 0-1

[Event "Scarborough CC ch Reserves U1700"]
[Site "Toronto CAN"]
[Date "2010.04.15"]
[Round "8"]
[White "Al Ganabi, Yasir"]
[Black "Wang, Jason"]
[Result "1-0"]
[WhiteElo "1395"]
[BlackElo "1161"]
[PlyCount "49"]
[EventDate "2010.02.25"]
[EventType "swiss"]
[EventRounds "9"]
[EventCountry "CAN"]

1. e4 c5 2. Nf3 d6 3. Nc3 Nf6 4. Bc4 g6 5. Ng5 e6 6. O-O Bg7 7. Re1 O-O 8. d3
Nc6 9. Re3 d5 10. exd5 Nxd5 11. Bxd5 exd5 12. Rg3 Re8 13. Bd2 Be6 14. Nxe6 Rxe6
15. Rg5 Re5 16. Qg4 Rxg5 17. Bxg5 f6 18. Bh4 Ne5 19. Qe6+ Kf8 20. Nxd5 Nd7 21.
Re1 Qe8 22. Qd6+ Kg8 23. Rxe8+ Rxe8 24. h3 f5 25. Qxd7 1-0

[Event "Scarborough CC ch Reserves U1700"]
[Site "Toronto CAN"]
[Date "2010.04.15"]
[Round "8"]
[White "Azizi, Hamid"]
[Black "Dattani, Dinesh"]
[Result "1-0"]
[WhiteElo "1500"]
[BlackElo "1373"]
[PlyCount "61"]
[EventDate "2010.02.25"]
[EventType "swiss"]
[EventRounds "9"]
[EventCountry "CAN"]

1. e4 e5 2. Nf3 d6 3. Bc4 Nf6 4. Ng5 d5 5. exd5 Nxd5 6. Nxf7 Kxf7 7. Qf3+ Ke6
8. Nc3 c6 9. O-O Bb4 10. Ne4 Rf8 11. Qh3+ Ke7 12. Qxh7 Kd7 13. Qxg7+ Qe7 14.
Qxe7+ Bxe7 15. d3 Rg8 16. Nc3 Kd6 17. Re1 Bh3 18. Ne4+ Kc7 19. Ng3 Be6 20. Rxe5
Kd6 21. Re4 Rg6 22. f4 Rf6 23. Bd2 Nd7 24. Rd4 Raf8 25. Ne4+ Kc7 26. Nxf6 Bxf6
27. Re4 Bxb2 28. Rb1 Bf5 29. Bxd5 cxd5 30. Rb4 a5 31. R4xb2 1-0

[Event "Scarborough CC ch Reserves U1700"]
[Site "Toronto CAN"]
[Date "2010.04.15"]
[Round "8"]
[White "Karpik, Steve"]
[Black "Yusuf, Magas"]
[Result "0-1"]
[WhiteElo "1486"]
[BlackElo "1646"]
[PlyCount "52"]
[EventDate "2010.02.25"]
[EventType "swiss"]
[EventRounds "9"]
[EventCountry "CAN"]

1. Nf3 d5 2. c4 c6 3. cxd5 cxd5 4. g3 Nc6 5. Bg2 e5 6. d3 Bg4 7. a3 Be7 8. O-O
Nf6 9. Nc3 O-O 10. b4 e4 11. dxe4 dxe4 12. Ng5 Rc8 13. Qxd8 Rfxd8 14. f3 exf3
15. exf3 Bf5 16. Bb2 Nd5 17. Nxd5 Rxd5 18. f4 Rd2 19. Bc1 Rc2 20. Be4 Bxe4 21.
Nxe4 f5 22. Rf2 Nd4 23. Nd2 Rxc1+ 24. Rxc1 Rxc1+ 25. Kg2 Kf7 26. Nf1 Rc2 0-1

[Event "Scarborough CC ch Reserves U1700"]
[Site "Toronto CAN"]
[Date "2010.04.15"]
[Round "8"]
[White "Pishdad, Hassan"]
[Black "Teram, Eli"]
[Result "1-0"]
[WhiteElo "1422"]
[BlackElo "1396"]
[PlyCount "69"]
[EventDate "2010.02.25"]
[EventType "swiss"]
[EventRounds "9"]
[EventCountry "CAN"]

1. e4 e5 2. Nf3 Nc6 3. Bb5 Nf6 4. Nc3 Bc5 5. O-O O-O 6. d3 h6 7. Bxc6 dxc6 8.
Nxe5 Bd4 9. Nf3 Bg4 10. h3 Bh5 11. g4 Bg6 12. Ne2 Bc5 13. b3 Qe7 14. Bb2 Rad8
15. e5 Nd5 16. d4 Bb6 17. Qd2 Nb4 18. c3 Nd3 19. Nf4 Nxf4 20. Qxf4 f6 21. Qg3
c5 22. Nh4 Bd3 23. Qxd3 fxe5 24. Nf5 Qg5 25. Bc1 Qf6 26. Qc4+ Kh8 27. dxc5 g6
28. Nxh6 Qf3 29. Kh2 Rd1 30. Be3 Rxa1 31. Rxa1 Kh7 32. cxb6 cxb6 33. Qc7+ Kh8
34. Qxe5+ Kh7 35. Qe7+ 1-0

[Event "Scarborough CC ch Reserves U1700"]
[Site "Toronto CAN"]
[Date "2010.04.15"]
[Round "8"]
[White "Rogers, Michael"]
[Black "Liu, Peter"]
[Result "0-1"]
[WhiteElo "1581"]
[BlackElo "1072"]
[PlyCount "88"]
[EventDate "2010.02.25"]
[EventType "swiss"]
[EventRounds "9"]
[EventCountry "CAN"]

1. e4 c5 2. Nf3 d6 3. d4 cxd4 4. Nxd4 Nf6 5. Nc3 g6 6. f4 Bg7 7. e5 dxe5 8.
fxe5 Nh5 9. Bc4 O-O 10. g4 Bxe5 11. gxh5 Bxd4 12. Nd5 Nc6 13. hxg6 fxg6 14.
Nf4+ Kg7 15. Qe2 Qa5+ 16. Bd2 Qe5 17. Qxe5+ Nxe5 18. c3 Nxc4 19. cxd4 Nxd2 20.
Kxd2 Rxf4 21. Kc3 Bf5 22. Rae1 Re4 23. Rxe4 Bxe4 24. Re1 Rc8+ 25. Kb4 Bd5 26.
Rxe7+ Kh6 27. b3 Rc2 28. Re5 Bc6 29. d5 Bd7 30. Re7 Bf5 31. Rxb7 Rxa2 32. d6
Rd2 33. Kc5 g5 34. Rxa7 g4 35. b4 Rxh2 36. b5 g3 37. Ra8 g2 38. Rg8 Rh5 39. b6
Be4+ 40. Kd4 Bc6 41. d7 Rd5+ 42. Kc4 Rxd7 43. Kc5 Be4 44. Kc4 Rg7 0-1

[Event "Scarborough CC ch Reserves U1700"]
[Site "Toronto CAN"]
[Date "2010.04.15"]
[Round "8"]
[White "Smith, Maurice"]
[Black "Liu, Jiaxin (Dora)"]
[Result "1-0"]
[WhiteElo "1639"]
[BlackElo "1297"]
[PlyCount "65"]
[EventDate "2010.02.25"]
[EventType "swiss"]
[EventRounds "9"]
[EventCountry "CAN"]

1. d4 d5 2. c4 e6 3. Nc3 Nf6 4. Bg5 c6 5. e3 Be7 6. Nf3 Nbd7 7. Bd3 O-O 8. O-O
Qc7 9. Rc1 Qd8 10. Qc2 Kh8 11. h3 b6 12. cxd5 exd5 13. Ne2 Bb7 14. Ng3 Rc8 15.
Qe2 b5 16. Nf5 Re8 17. Nxe7 Qxe7 18. Bf5 Rcd8 19. Qc2 h6 20. Bh4 Qd6 21. Bg3
Qe7 22. Ne5 c5 23. Nxd7 Rxd7 24. Bxd7 Qxd7 25. dxc5 Bc6 26. Rfd1 Qe6 27. b3 a6
28. Rd4 Ne4 29. Bd6 Qg6 30. Qe2 Qf6 31. Qf3 Qe6 32. Qg4 Qf6 33. Qf4 1-0

[Event "Scarborough CC ch Reserves U1700"]
[Site "Toronto CAN"]
[Date "2010.04.15"]
[Round "8"]
[White "Termeer, Ted"]
[Black "Yie, Kevin"]
[Result "1-0"]
[WhiteElo "1548"]
[BlackElo "1176"]
[PlyCount "61"]
[EventDate "2010.02.25"]
[EventType "swiss"]
[EventRounds "9"]
[EventCountry "CAN"]

1. d4 Nf6 2. c4 c5 3. Nf3 e6 4. e3 d6 5. Nc3 Nc6 6. Be2 g6 7. O-O Bg7 8. d5
exd5 9. cxd5 Ne7 10. e4 O-O 11. Rb1 Ng4 12. h3 Ne5 13. Bf4 Nxf3+ 14. Bxf3 f5
15. Bh2 fxe4 16. Nxe4 Be5 17. Bxe5 dxe5 18. Nxc5 Qa5 19. Ne6 Bxe6 20. dxe6 Rad8
21. Qb3 b6 22. Rfd1 Rxd1+ 23. Rxd1 Kh8 24. Qc3 Qb5 25. Rd7 Nc6 26. Bxc6 Qe2 27.
Bf3 Qb5 28. a4 Qxa4 29. Qxe5+ Rf6 30. Qxf6+ Kg8 31. Qg7# 1-0

[Event "Scarborough CC ch Reserves U1700"]
[Site "Toronto CAN"]
[Date "2010.04.15"]
[Round "8"]
[White "Vyravanathan, Sobiga"]
[Black "Walker, John"]
[Result "1/2-1/2"]
[WhiteElo "1201"]
[BlackElo "1503"]
[PlyCount "114"]
[EventDate "2010.02.25"]
[EventType "swiss"]
[EventRounds "9"]
[EventCountry "CAN"]

1. e4 d6 2. d4 Nf6 3. Nc3 Nbd7 4. Bb5 c6 5. Ba4 e5 6. d5 Nc5 7. Bg5 Nxa4 8.
Nxa4 Be7 9. dxc6 Qa5+ 10. Nc3 Nxe4 11. cxb7 Bxb7 12. Bxe7 Kxe7 13. Qf3 Rab8 14.
Nge2 Rhc8 15. Qh3 Nxc3 16. Nxc3 Rxc3 17. Qxc3 Qxc3+ 18. bxc3 Bxg2 19. Rg1 Be4
20. Rxg7 Bg6 21. Rd1 Rd8 22. Rd5 Kf6 23. Rxg6+ hxg6 24. Ra5 Rd7 25. Ra6 Ke7 26.
Ke2 Rb7 27. Kd3 Ke6 28. a3 f5 29. f3 Rh7 30. a4 Rxh2 31. Rxa7 Rh3 32. Ke2 e4
33. fxe4 fxe4 34. Kd2 e3+ 35. Ke2 g5 36. a5 g4 37. a6 Rh2+ 38. Kxe3 Rxc2 39.
Kd3 Ra2 40. Rg7 Kf5 41. a7 Kf4 42. Rf7+ Kg3 43. Rg7 Ra4 44. Kc2 Kf3 45. Kb3 Ra1
46. Kb2 Ra6 47. Rf7+ Kg2 48. Rg7 g3 49. Kc2 Kf2 50. Rf7+ Kg1 51. Kd2 g2 52. Ke2
d5 53. Rg7 Re6+ 54. Kd3 Re8 55. Kd2 Rh8 56. Rh7 Rf8 57. Rf7 Rh8 1/2-1/2

[Event "Scarborough CC ch Reserves U1700"]
[Site "Toronto CAN"]
[Date "2010.04.22"]
[Round "9"]
[White "Aghamalian, Derick"]
[Black "Rogers, Michael"]
[Result "0-1"]
[WhiteElo "1353"]
[BlackElo "1581"]
[PlyCount "80"]
[EventDate "2010.02.25"]
[EventType "swiss"]
[EventRounds "9"]
[EventCountry "CAN"]

1. e4 e5 2. Nf3 Nc6 3. Bc4 Nf6 4. Ng5 d5 5. exd5 Na5 6. Bb5+ c6 7. dxc6 bxc6 8.
Be2 h6 9. Nf3 e4 10. Ng1 Bc5 11. d3 O-O 12. Bd2 Qb6 13. Bxa5 Qxa5+ 14. Qd2 Qb6
15. Nh3 Qxb2 16. Qc3 Bb4 17. Qxb4 Qxb4+ 18. Nd2 Bxh3 19. gxh3 exd3 20. cxd3
Rfe8 21. Kf1 Qxd2 22. Re1 Re6 23. Rg1 Rae8 24. Rg3 Rxe2 25. Rxe2 Rxe2 26. Rf3
Qd1+ 27. Kg2 Re1 28. Kg3 Rg1+ 29. Kf4 Nd5+ 30. Ke4 Qe2+ 31. Re3 Nxe3 32. fxe3
Qxh2 33. d4 Qxh3 34. Kd3 Re1 35. Kc4 Qxe3 36. Kc5 Rc1+ 37. Kd6 Qxd4+ 38. Kc7
Qb6+ 39. Kd7 Rd1+ 40. Ke7 Qe3# 0-1

[Event "Scarborough CC ch Reserves U1700"]
[Site "Toronto CAN"]
[Date "2010.04.22"]
[Round "9"]
[White "Farhang, Arvin"]
[Black "Smith, Maurice"]
[Result "1/2-1/2"]
[WhiteElo "1604"]
[BlackElo "1639"]
[PlyCount "99"]
[EventDate "2010.02.25"]
[EventType "swiss"]
[EventRounds "9"]
[EventCountry "CAN"]

1. d4 Nf6 2. c4 e6 3. Nc3 b6 4. Bg5 Be7 5. Nf3 Bb7 6. e3 O-O 7. Bd3 h6 8. Bh4
d5 9. O-O Nbd7 10. a3 Ne4 11. Bxe7 Qxe7 12. Rc1 c5 13. Ne5 cxd4 14. exd4 Nxe5
15. dxe5 Nxc3 16. Rxc3 Rac8 17. Qg4 dxc4 18. Rxc4 Rxc4 19. Bxc4 Rc8 20. Bd3 Qc5
21. Re1 Rd8 22. Qc4 Qc6 23. Qxc6 Bxc6 24. Rd1 Be4 25. Be2 Rxd1+ 26. Bxd1 Bd5
27. f4 g5 28. g3 Kg7 29. Kf2 gxf4 30. gxf4 f6 31. Bh5 Be4 32. Ke3 Bg6 33. Be2
fxe5 34. fxe5 Kf7 35. h4 Ke7 36. b4 Kd7 37. Kd4 Kc7 38. Bf3 Be8 39. Kc4 Bd7 40.
b5 Be8 41. Be2 Bd7 42. Kd4 Be8 43. Ke4 Bg6+ 44. Kf4 Kd7 45. Kg4 Ke7 46. Bf3 Be8
47. Be4 Bf7 48. h5 Be8 49. a4 Kd8 50. Bg6 1/2-1/2

[Event "Scarborough CC ch Reserves U1700"]
[Site "Toronto CAN"]
[Date "2010.04.22"]
[Round "9"]
[White "Farrant, David"]
[Black "Wang, Jason"]
[Result "1/2-1/2"]
[WhiteElo "1454"]
[BlackElo "1161"]
[PlyCount "66"]
[EventDate "2010.02.25"]
[EventType "swiss"]
[EventRounds "9"]
[EventCountry "CAN"]

1. e4 c5 2. Nf3 d6 3. d4 cxd4 4. Nxd4 Nf6 5. Nc3 a6 6. Be2 e5 7. Nb3 Be7 8. O-O
O-O 9. Be3 Be6 10. f3 Nc6 11. Nd2 Rc8 12. Nc4 Bxc4 13. Bxc4 Nb4 14. Bb3 h6 15.
a3 Nc6 16. Nd5 Nxd5 17. Qxd5 Na5 18. Rfd1 Nxb3 19. Qxb3 Rc6 20. Rd5 Bg5 21.
Rad1 Bxe3+ 22. Qxe3 Qb6 23. Qxb6 Rxb6 24. b3 Rc8 25. R1d2 Kf8 26. R5d3 Ke7 27.
c4 Ke6 28. a4 a5 29. Kf2 g5 30. Rd5 Ra6 31. Rc2 Rc5 32. Rxc5 dxc5 33. Rd2 Rd6
1/2-1/2

[Event "Scarborough CC ch Reserves U1700"]
[Site "Toronto CAN"]
[Date "2010.04.22"]
[Round "9"]
[White "Liu, Peter"]
[Black "Azizi, Hamid"]
[Result "0-1"]
[WhiteElo "1072"]
[BlackElo "1500"]
[PlyCount "56"]
[EventDate "2010.02.25"]
[EventType "swiss"]
[EventRounds "9"]
[EventCountry "CAN"]

1. e4 c6 2. d4 d5 3. Nc3 dxe4 4. Nxe4 Bf5 5. Nc3 e6 6. Nf3 Nd7 7. Bc4 Bb4 8.
Bd2 Ngf6 9. a3 Bd6 10. O-O Bg4 11. h3 Bxf3 12. Qxf3 Qb6 13. Qd3 c5 14. Nb5 Be7
15. Be3 a6 16. Nc3 cxd4 17. Bxd4 Qc6 18. Qg3 Qxc4 19. Qxg7 O-O-O 20. Qxf7 Qxd4
21. Qxe7 Rde8 22. Qg7 Rhg8 23. Qh6 Rg6 24. Qc1 Reg8 25. g4 Nxg4 26. Ne2 Nxf2+
27. Ng3 Rxg3+ 28. Kh2 Rg2# 0-1

[Event "Scarborough CC ch Reserves U1700"]
[Site "Toronto CAN"]
[Date "2010.04.22"]
[Round "9"]
[White "Sottile, Claudio"]
[Black "Yusuf, Magas"]
[Result "0-1"]
[WhiteElo "1324"]
[BlackElo "1646"]
[PlyCount "60"]
[EventDate "2010.02.25"]
[EventType "swiss"]
[EventRounds "9"]
[EventCountry "CAN"]

1. e4 e5 2. Nf3 Nf6 3. Nxe5 d6 4. Nf3 Nxe4 5. d4 d5 6. c4 Bb4+ 7. Bd2 Nxd2 8.
Nbxd2 O-O 9. Be2 dxc4 10. a3 Bxd2+ 11. Qxd2 b5 12. a4 c6 13. axb5 cxb5 14. Ne5
Bb7 15. O-O Re8 16. Bf3 Bxf3 17. Nxf3 Qd5 18. Rfe1 Nc6 19. Qf4 Rxe1+ 20. Rxe1
Rd8 21. Qe3 h6 22. h3 Nxd4 23. Nxd4 Qxd4 24. Qe7 Qd7 25. Qc5 Re8 26. Ra1 Qb7
27. Rxa7 Re1+ 28. Kh2 Qe4 29. Qb6 Qf4+ 30. g3 Qf3 0-1

[Event "Scarborough CC ch Reserves U1700"]
[Site "Toronto CAN"]
[Date "2010.04.22"]
[Round "9"]
[White "Walker, John"]
[Black "Termeer, Ted"]
[Result "1-0"]
[WhiteElo "1503"]
[BlackElo "1548"]
[PlyCount "77"]
[EventDate "2010.02.25"]
[EventType "swiss"]
[EventRounds "9"]
[EventCountry "CAN"]

1. Nf3 d5 2. d4 Nc6 3. e3 a6 4. Nbd2 Bf5 5. a3 b5 6. b3 b4 7. a4 e6 8. Bb2 Nh6
9. Ne5 Nxe5 10. dxe5 g5 11. Be2 c5 12. c4 Bg7 13. cxd5 exd5 14. Rc1 Qe7 15. Bf3
Rd8 16. Qe2 Bc8 17. h3 O-O 18. Nf1 Rfe8 19. Ng3 Qf8 20. Qc2 Bxe5 21. Bxe5 Rxe5
22. Qxc5 Qxc5 23. Rxc5 Be6 24. O-O f5 25. Rc6 Ra8 26. Be2 a5 27. Rfc1 f4 28.
Nf1 d4 29. Bf3 Re8 30. exd4 Rf5 31. Be4 Rf6 32. d5 Bf5 33. Rxf6 Bxe4 34. Rxh6
Bxd5 35. Nd2 f3 36. gxf3 Re2 37. Rc8+ Kg7 38. Rd6 Rxd2 39. Rcd8 1-0

[Event "Scarborough CC ch Reserves U1700"]
[Site "Toronto CAN"]
[Date "2010.04.22"]
[Round "9"]
[White "Yie, Kevin"]
[Black "Karpik, Steve"]
[Result "0-1"]
[WhiteElo "1176"]
[BlackElo "1486"]
[PlyCount "48"]
[EventDate "2010.02.25"]
[EventType "swiss"]
[EventRounds "9"]
[EventCountry "CAN"]

1. e4 d6 2. d4 Nf6 3. Nc3 g6 4. f4 Bg7 5. Nf3 O-O 6. Be3 Ng4 7. Qd2 Nxe3 8.
Qxe3 Nd7 9. O-O-O c5 10. dxc5 Nxc5 11. e5 Qb6 12. exd6 Nb3+ 13. cxb3 Qxe3+ 14.
Kc2 Bf5+ 15. Bd3 Qxf4 16. dxe7 Rfe8 17. Rhe1 Rac8 18. Re2 Rc7 19. Rde1 b5 20.
Bxf5 Qxf5+ 21. Kd1 Bxc3 22. bxc3 Rxc3 23. Nh4 Qb1+ 24. Kd2 Qc2# 0-1

[Event "Scarborough CC ch Reserves U1700"]
[Site "Toronto CAN"]
[Date "2010.04.22"]
[Round "9"]
[White "Zhang, John"]
[Black "Vyravanathan, Sobiga"]
[Result "1/2-1/2"]
[WhiteElo "915"]
[BlackElo "1201"]
[PlyCount "102"]
[EventDate "2010.02.25"]
[EventType "swiss"]
[EventRounds "9"]
[EventCountry "CAN"]

1. e4 c5 2. Nf3 Nc6 3. d4 cxd4 4. Nxd4 Nf6 5. Nc3 e5 6. Ndb5 a6 7. Nd6+ Bxd6 8.
Qxd6 h6 9. Nd5 Nxd5 10. exd5 Qe7 11. Qc7 Qb4+ 12. c3 Qe4+ 13. Be3 Qxd5 14. Qb6
O-O 15. c4 Qa5+ 16. Qxa5 Nxa5 17. O-O-O Nc6 18. Rd5 Re8 19. a3 Rb8 20. Be2 b6
21. Bg4 Na5 22. Bxd7 Bxd7 23. Rxd7 Nxc4 24. Re1 Rec8 25. Kb1 f6 26. Red1 Nxe3
27. fxe3 a5 28. Ra7 Ra8 29. Rb7 Rcb8 30. Rdd7 Rxb7 31. Rxb7 Ra6 32. Kc2 Kh7 33.
Kd3 Kg6 34. Kc4 Ra8 35. Kb5 Rd8 36. Rxb6 Rd2 37. Kxa5 Rxg2 38. b4 Rxh2 39. Rc6
h5 40. b5 Rb2 41. b6 h4 42. Ka6 h3 43. Rc1 Rb3 44. Ra1 h2 45. b7 h1=Q 46. Rxh1
Rxa3+ 47. Kb6 Rb3+ 48. Ka7 Ra3+ 49. Kb6 Rb3+ 50. Ka7 Ra3+ 51. Kb6 Rb3+ 1/2-1/2

[Event "Scarborough CC ch Reserves op"]
[Site "Toronto CAN"]
[Date "2010.02.25"]
[Round "1"]
[White "Armstrong, Robert J"]
[Black "Fiedler, Brian"]
[Result "0-1"]
[WhiteElo "1748"]
[BlackElo "2161"]
[PlyCount "82"]
[EventDate "2010.02.25"]
[EventType "swiss"]
[EventRounds "9"]
[EventCountry "CAN"]

1. d4 d5 2. c4 c6 3. e3 Nf6 4. Nf3 Bf5 5. Bd3 Bxd3 6. Qxd3 Nbd7 7. Nc3 e6 8.
O-O Be7 9. cxd5 exd5 10. e4 dxe4 11. Nxe4 O-O 12. Re1 Re8 13. Qb3 Nxe4 14. Rxe4
Nf6 15. Re2 Qb6 16. Qxb6 axb6 17. Bg5 h6 18. Bh4 Nd5 19. Bxe7 Rxe7 20. Rxe7
Nxe7 21. a3 Rd8 22. Kf1 Nd5 23. Rc1 Nf4 24. g3 Ne6 25. Rd1 g5 26. g4 Nf4 27.
Rd2 f6 28. Ke1 Kf7 29. Kd1 h5 30. gxh5 Rh8 31. Ne1 Rxh5 32. f3 Rh3 33. Kc2 Ke6
34. Rf2 Kd5 35. Rd2 Ne6 36. Kd3 Nxd4 37. Ke3 c5 38. b4 Kc4 39. bxc5 bxc5 40.
Ke4 Rh4+ 41. Ke3 Nf5+ 0-1

[Event "Scarborough CC ch Reserves op"]
[Site "Toronto CAN"]
[Date "2010.02.25"]
[Round "1"]
[White "Azmitia, Gabriel"]
[Black "Conte, Mike"]
[Result "1/2-1/2"]
[WhiteElo "1575"]
[BlackElo "1823"]
[PlyCount "111"]
[EventDate "2010.02.25"]
[EventType "swiss"]
[EventRounds "9"]
[EventCountry "CAN"]

1. Nf3 Nf6 2. d4 d5 3. e3 g6 4. Bd3 Bg7 5. b3 Nbd7 6. Bb2 O-O 7. O-O c5 8. Nbd2
a6 9. a3 b5 10. c4 bxc4 11. bxc4 cxd4 12. Bxd4 dxc4 13. Nxc4 Bb7 14. Rb1 Be4
15. Bxe4 Nxe4 16. Bxg7 Kxg7 17. Qd4+ Ndf6 18. Qa1 Rc8 19. Rbc1 Rc5 20. Rfd1 Qc7
21. Nce5 Kg8 22. Rxc5 Qxc5 23. Rc1 Qa7 24. Nc6 Qc7 25. Qe5 Qxe5 26. Nfxe5 e6
27. Rc2 Kg7 28. f3 Nd6 29. a4 Rc8 30. Nd4 Rxc2 31. Nxc2 Nd5 32. a5 Nb7 33. Nc6
f6 34. Kf2 Kf7 35. Ke1 e5 36. Kd2 Ke6 37. N2b4 Nxb4 38. Nxb4 Nc5 39. Kc3 Kd6
40. Kc4 Nb7 41. Nxa6 Nxa5+ 42. Kc3 Nc6 43. g3 f5 44. Nb4 Ne7 45. Kc4 g5 46. Nd3
Ng6 47. Nf2 h5 48. Nh3 g4 49. fxg4 hxg4 50. Nf2 Ke6 51. Kd3 e4+ 52. Kd4 Ne5 53.
Kc3 Nf3 54. h3 gxh3 55. Nxh3 Nh2 56. Kd4 1/2-1/2

[Event "Scarborough CC ch Reserves op"]
[Site "Toronto CAN"]
[Date "2010.02.25"]
[Round "1"]
[White "Bzikot, Robert"]
[Black "Luiting, Larry"]
[Result "1-0"]
[WhiteElo "1928"]
[BlackElo "1702"]
[PlyCount "57"]
[EventDate "2010.02.25"]
[EventType "swiss"]
[EventRounds "9"]
[EventCountry "CAN"]

1. e4 d5 2. exd5 Qxd5 3. d4 Nf6 4. c4 Qd8 5. Nc3 Bf5 6. Bg5 e6 7. Nf3 c6 8. Be2
Be7 9. O-O Na6 10. Qb3 Qc7 11. Rfd1 Rd8 12. h3 h6 13. Bh4 Nb4 14. Rac1 g5 15.
Bg3 Qc8 16. a3 Na6 17. Ne5 O-O 18. Rd2 Kg7 19. Qd1 Nc7 20. Bf3 Nd7 21. d5 exd5
22. cxd5 Bd6 23. Nxc6 bxc6 24. Bxd6 Rfe8 25. Bxc7 Qxc7 26. dxc6 Ne5 27. Nd5
Nxf3+ 28. Qxf3 Qa5 29. b4 1-0

[Event "Scarborough CC ch Reserves op"]
[Site "Toronto CAN"]
[Date "2010.02.25"]
[Round "1"]
[White "Farrant-Diaz, Nathan"]
[Black "Zhou, Kevin"]
[Result "0-1"]
[WhiteElo "1698"]
[BlackElo "1919"]
[PlyCount "78"]
[EventDate "2010.02.25"]
[EventType "swiss"]
[EventRounds "9"]
[EventCountry "CAN"]

1. e4 g6 2. d4 Bg7 3. Bc4 d6 4. Nf3 Nf6 5. Nc3 O-O 6. O-O c6 7. d5 b5 8. Bb3 b4
9. Na4 Nxe4 10. dxc6 e6 11. Qe1 Nc5 12. Qxb4 Nxc6 13. Qf4 Nxa4 14. Bxa4 Ne5 15.
Rd1 Bb7 16. Nxe5 Bxe5 17. Qb4 Qb6 18. a3 d5 19. c3 Rfc8 20. Be3 Qc7 21. h3 Bc6
22. Rab1 Rab8 23. Qh4 Bxa4 24. Qxa4 Rb7 25. Bd4 Bd6 26. Rdc1 Qc6 27. Qxc6 Rxc6
28. b4 a6 29. a4 Rc4 30. a5 Rb5 31. Bf6 Bf8 32. Be5 Bg7 33. f4 f6 34. Bd4 e5
35. fxe5 fxe5 36. Bc5 e4 37. Rd1 Bxc3 38. Rxd5 Rcxc5 39. bxc5 Rxb1+ 0-1

[Event "Scarborough CC ch Reserves op"]
[Site "Toronto CAN"]
[Date "2010.02.25"]
[Round "1"]
[White "Graham, John"]
[Black "Ugodnikov, Arkadiy"]
[Result "0-1"]
[WhiteElo "1447"]
[BlackElo "1785"]
[PlyCount "68"]
[EventDate "2010.02.25"]
[EventType "swiss"]
[EventRounds "9"]
[EventCountry "CAN"]

1. c4 Nf6 2. Nc3 d5 3. e3 g6 4. d4 Bg7 5. Nge2 O-O 6. Nf4 dxc4 7. Bxc4 b6 8.
O-O Bb7 9. b3 Nbd7 10. Ba3 Re8 11. Rc1 e5 12. Nfe2 exd4 13. Nxd4 Ne5 14. Be2 a6
15. Qc2 c5 16. Nf3 Nxf3+ 17. Bxf3 Bxf3 18. gxf3 Nd5 19. Ne4 Qh4 20. Qc4 Qh5 21.
Kg2 Rad8 22. Rfd1 Nc7 23. Ng3 Qg5 24. b4 Nb5 25. Rxd8 Rxd8 26. Qb3 cxb4 27.
Bxb4 a5 28. Be1 h5 29. Kh1 h4 30. Ne4 Qf5 31. a4 Qxf3+ 32. Kg1 h3 33. Kf1 Nd4
34. exd4 Qxb3 0-1